Music Quiz

Random Music Quiz

World's Largest Pipe Organs Quiz Stats

 Plays Quiz not verified by Sporcle

Also try: Country Music HOF
Challenge
Share
Tweet
Embed
Score 0/11 Timer 05:00
0 Plays Today
Number of Pipes City % Correct
28,482Philadelphia, PA
73%
20,000 (est.)Los Angeles, CA
66.3%
33,114Atlantic City, NJ
60.7%
10,647Washington, D.C.
49.4%
10,154Sydney, Australia
44.9%
10,267Liverpool, UK
37.1%
16,000 (est.)Milan, Italy
25.8%
23,500West Point, NY
23.6%
17,774Passau, Germany
21.3%
11,200Birmingham, AL
20.2%
11,499Charlotte, NC
9%

You're not logged in!

Compare scores with friends on all Sporcle quizzes.
Join for Free
OR
Log In

You Might Also Like...

Show Comments

Extras

Created Jul 20, 2011ReportNominate
Tags:organ, organist, pipe

Top Quizzes Today


Score Distribution

Your Account Isn't Verified!

In order to create a playlist on Sporcle, you need to verify the email address you used during registration. Go to your Sporcle Settings to finish the process.

Report this User

Report this user for behavior that violates our Community Guidelines.

Details: